Menový prehľad

Enregistré dans:
Détails bibliographiques
Format: Publication en série
Langue:slovaque
Publié: Bratislava Národná banka Slovenska 1999
Sujets:
Tags: Ajouter un tag
Pas de tags, Soyez le premier à ajouter un tag!

MARC

LEADER 00000nas2a2200000 4500
001 s124057
005 20221220131028.1
041 0 |a slo 
044 |a SK 
245 1 0 |a Menový prehľad 
264 1 |a Bratislava  |b Národná banka Slovenska  |c 1999 
300 |a 1 zv. 
500 |a chýba č. 1 
773 0 |w eu_un_cat*s120186 
610 2 0 |a banky 
610 2 0 |a mena 
610 2 0 |a Slovensko 
610 2 0 |a NBS Bratislava